| 000 | 02664nam0a2200349 4500 | ||
|---|---|---|---|
| 001 | RU\NLR\bibl\828400 | ||
| 005 | 20260406005645.0 | ||
| 010 |
_a5-8285-0041-4 _9100 |
||
| 021 |
_aRU _b2005-37458 _91863 |
||
| 035 | _a(NLR Aleph) 000817282 | ||
| 090 |
_a1278761 _c1278761 |
||
| 100 | _a20050805d2005 |||y0rusy50 ca | ||
| 101 | 0 | _arus | |
| 102 | _aRU | ||
| 105 | _aa ||||||||| | ||
| 200 | 1 |
_aМеханика текстильных машин в примерах и задачах _eдля текстильных специальностей технических вузов _eучебное пособие для студентов высших учебных заведений по специальностям: 150406 "Машины и аппараты текстильной и легкой промышленности", 260704 "Технология текстильных изделий", 260703 "Проектирование текстильных изделий" _fА.М. Волков, Г.К. Кузнецов, В.А. Лясич [и др.] _gпод общ. ред. засл. деят. науки РФ, д.т.н., проф. Г.К. Кузнецова _gМ-во образования и науки Рос. Федерации, Федер. агентство по образованию, Костром. гос. технол. ун-т |
|
| 205 | _aИзд. 2-е, перераб. и доп. | ||
| 210 |
_aКострома _cИзд-во Костромского государственного технологического университета _d2005 |
||
| 215 |
_a87 с. _cил. _d21 |
||
| 320 | _aБиблиогр. в конце разделов | ||
| 606 | 1 |
_aТекстильные фабрики _jУчебные издания для высших учебных заведений _xОборудование _xТеория _xЗадачи _xРешение _92387566 _3RU\NLR\auth\661424072 |
|
| 686 | _aМ3-5-01я73-4 | ||
| 701 | 1 |
_4070 _8rus _7ca _aВолков _bА. М. _cканд. техн. наук _f1956- _gАлексей Михайлович _3RU\NLR\auth\77115133 _998058 |
|
| 701 | 1 |
_4070 _8rus _7ca _aКузнецов _bГ. К. _cд-р техн. наук _f1926- _gГеоргий Константинович _3RU\NLR\auth\7752460 _935393 |
|
| 701 | 1 |
_aЛясич _bВ. А. _gВасилий Алексеевич _4070 |
|
| 702 | 1 |
_4340 _8rus _7ca _aКузнецов _bГ. К. _cд-р техн. наук _f1926- _gГеоргий Константинович _3RU\NLR\auth\7752460 _935393 |
|
| 801 | 0 |
_aRU _bNLR _c20050805 _grcr |
|
| 801 | 1 |
_aRU _bNLR _c20050805 |
|
| 830 | _aАвт. по кн. | ||
| 942 | _cBOOK | ||
| 980 | _aNB | ||